| 000 | 01044nam a2200265 a 4500 | ||
|---|---|---|---|
| 001 | BRCA_6266 | ||
| 005 | 20190320205407.0 | ||
| 008 | 290711s1864----fr-c######---#000-0#spa-# | ||
| 041 | _aspa | ||
| 044 | _afr | ||
| 050 | 4 |
_aF1210 _b.M37 1864 |
|
| 100 | 1 |
_aMasson, Ernesto _915725 |
|
| 245 | 1 | 0 |
_aOlla podrida condimentada en México ó, Colección de todos los remitidos que, desde 1844, y en varios periódicos de México, publicó bajo diferentes seudónimos como los de Gilles Gogo, Anti-Pierna-Seca y otros muchos _cErnesto Masson. |
| 260 |
_aParís _bImprenta Hispano-Americana de Cosson _c1864 |
||
| 300 |
_a684 p. _bil., retratos _c22 cm. |
||
| 500 | _aIncluye índice alfabético | ||
| 500 | _aLibro de la biblioteca particula de Leopoldo Gutierrez Lara, Baron de H.H.H. | ||
| 500 | _aC10 | ||
| 546 | _aTexto en: español y francés | ||
| 650 | 1 | 4 |
_aFranceses _zMéxico _915726 |
| 651 | 4 |
_aMéxico _xVida social y costumbres _9769 |
|
| 651 | 4 |
_aMéxico _xDiscursos, ensayos, conferencias _915727 |
|
| 902 | _aGFM | ||
| 942 |
_2lcc _cB |
||
| 999 |
_c5953 _d5953 |
||